Super Hero Identities - Batman Edition Quiz Stats

 Plays Quiz Updated Oct 9, 2018

Challenge
Share
Tweet
Embed
Score 0/27 Timer 05:00
3 Plays Today
Secret Identity Costumed Identity % Correct
Bruce WayneBatman
99.8%
Harvey DentTwo-Face
95.6%
Pamela IsleyPoison Ivy
79.8%
Selina KyleCatwoman
78.9%
Oswald CobblepotThe Penguin
65.3%
Edward NigmaThe Riddler
63.5%
Victor FriesMr Freeze
55.4%
Jonathan CraneScarecrow
46.3%
Jervis TetchMad Hatter
46.2%
Dick GraysonNightwing
45.1%
Barbara GordonOracle
42.7%
Jason ToddRed Hood
34.7%
Damian WayneRobin
33.4%
Kirk LangstromMan-Bat
32.3%
Secret Identity Costumed Identity % Correct
Tim DrakeRed Robin
30.6%
Thomas ElliotHush
25%
Helena BertinelliHuntress
20.8%
Kate KaneBatwoman
20%
Arnold WeskerThe Ventriloquist
18%
Cassandra CainBatgirl
17.4%
Stephanie BrownSpoiler
15.9%
Renee MontoyaThe Question
14.1%
Wayne BruceBatzarro
10.2%
Thomas BlakeCatman
8.1%
Kate SpencerManhunter
6.8%
Rory ReganRagman
4.6%
Charles BrownKite Man
4%

You're not logged in!

Compare scores with friends on all Sporcle quizzes.
OR
Log In

You Might Also Like...

Show Comments

Extras

Top Quizzes Today


Score Distribution

Your Account Isn't Verified!

In order to create a playlist on Sporcle, you need to verify the email address you used during registration. Go to your Sporcle Settings to finish the process.

Report this User

Report this user for behavior that violates our Community Guidelines.

Details: